| 000 | 00427nam a2200181Ia 4500 | ||
|---|---|---|---|
| 001 | 24856 | ||
| 005 | 20260414151111.0 | ||
| 008 | 260414t2016||||xx |||||||||||||| ||spa|| | ||
| 041 | _aESP | ||
| 082 |
_a346 _bL66 |
||
| 100 |
_aLipari, Nicolò, _eAUT |
||
| 245 | 0 |
_aLas categorías del derecho civil _b |
|
| 260 | _c2016 | ||
| 300 |
_a247 páginas : _c21 cm. |
||
| 650 | _aDER | ||
| 654 | _aCDE | ||
| 942 |
_cLIB _dJUS _fJUS _2ddc _n |
||
| 999 |
_c24856 _d24856 |
||